[Event "DEM U14 2025"]
[Site "Willingen GER"]
[Date "2025.06.13"]
[Round "8"]
[White "Schulz, Robin"]
[Black "Meitzner, Johan Eduard"]
[Result "1-0"]
[Termination "normal"]
[Board "20"]
[WhiteElo "1939"]
[BlackElo "1714"]
[WhiteClock "00:12:06"]
[BlackClock "00:16:12"]
[PlyCount "101"]
[WhiteFideId "34641912"]
[BlackFideId "34623612"]
[EventCountry "GER"]
[EventRounds "9"]
[EventType "swiss"]
[EventDate "2025.06.07"]

1. d4 {[%clk 01:30:56]} {[%emt 00:00:04]} Nf6 {[%clk 01:30:56]} {[%emt
00:00:04]} 2. Nf3 {[%clk 01:30:54]} {[%emt 00:00:32]} d5 {[%clk 01:31:06]}
{[%emt 00:00:20]} 3. Bf4 {[%clk 01:30:41]} {[%emt 00:00:42]} e6 {[%clk
01:31:08]} {[%emt 00:00:28]} 4. e3 {[%clk 01:31:05]} {[%emt 00:00:07]} c5
{[%clk 01:30:55]} {[%emt 00:00:43]} 5. Nbd2 {[%clk 01:31:19]} {[%emt 00:00:16]}
Bd6 {[%clk 01:30:15]} {[%emt 00:01:09]} 6. Bxd6 {[%clk 01:31:14]} {[%emt
00:00:35]} Qxd6 {[%clk 01:30:37]} {[%emt 00:00:08]} 7. dxc5 {[%emt 00:00:14]}
Qxc5 {[%clk 01:29:17]} {[%emt 00:01:48]} 8. c4 {[%clk 01:31:39]} {[%emt
00:00:23]} O-O {[%clk 01:28:13]} {[%emt 00:01:35]} 9. Rc1 {[%clk 01:31:13]}
{[%emt 00:00:56]} Qe7 {[%clk 01:17:38]} {[%emt 00:11:05]} 10. Be2 {[%clk
01:27:16]} {[%emt 00:04:27]} Nc6 {[%clk 01:14:28]} {[%emt 00:03:41]} 11. O-O
{[%clk 01:16:31]} {[%emt 00:11:15]} Rd8 {[%clk 01:07:44]} {[%emt 00:07:14]} 12.
c5 {[%clk 00:50:55]} {[%emt 00:26:06]} e5 {[%clk 01:01:21]} {[%emt 00:06:52]}
13. Bb5 {[%clk 00:49:20]} {[%emt 00:02:06]} Rb8 {[%clk 00:48:30]} {[%emt
00:13:21]} 14. Qa4 {[%clk 00:45:07]} {[%emt 00:04:43]} Qc7 {[%clk 00:41:22]}
{[%emt 00:07:38]} 15. Bxc6 {[%clk 00:40:25]} {[%emt 00:05:13]} bxc6 {[%clk
00:41:42]} {[%emt 00:00:10]} 16. b4 {[%clk 00:40:16]} {[%emt 00:00:39]} Rb5
{[%clk 00:40:42]} {[%emt 00:01:29]} 17. Nb3 {[%clk 00:28:44]} {[%emt 00:12:02]}
Ne4 {[%clk 00:38:36]} {[%emt 00:02:36]} 18. Na5 {[%clk 00:22:34]} {[%emt
00:06:41]} Bg4 {[%clk 00:35:12]} {[%emt 00:03:53]} 19. Nxc6 {[%clk 00:21:53]}
{[%emt 00:01:12]} Qxc6 {[%clk 00:30:33]} {[%emt 00:05:09]} 20. Nxe5 {[%clk
00:22:13]} {[%emt 00:00:10]} Qb7 {[%clk 00:30:47]} {[%emt 00:00:17]} 21. Nxg4
{[%clk 00:14:16]} {[%emt 00:08:27]} Rxb4 {[%clk 00:30:33]} {[%emt 00:00:43]}
22. Qa5 {[%clk 00:14:11]} {[%emt 00:00:36]} Rc8 {[%clk 00:29:12]} {[%emt
00:01:49]} 23. c6 {[%clk 00:13:34]} {[%emt 00:01:08]} Qb5 {[%clk 00:28:35]}
{[%emt 00:01:07]} 24. Qxa7 {[%clk 00:12:35]} {[%emt 00:01:29]} Rc4 {[%clk
00:16:08]} {[%emt 00:12:58]} 25. Ne5 {[%clk 00:09:02]} {[%emt 00:04:03]} Nd6
{[%clk 00:14:16]} {[%emt 00:02:23]} 26. Nxc4 {[%clk 00:08:58]} {[%emt
00:00:34]} dxc4 {[%clk 00:14:30]} {[%emt 00:00:15]} 27. Qd7 {[%clk 00:07:55]}
{[%emt 00:01:33]} Qxc6 {[%clk 00:14:06]} {[%emt 00:00:54]} 28. Qxc6 {[%clk
00:08:23]} {[%emt 00:00:02]} Rxc6 {[%clk 00:14:30]} {[%emt 00:00:07]} 29. Rfd1
{[%clk 00:08:12]} {[%emt 00:00:41]} Kf8 {[%clk 00:14:45]} {[%emt 00:00:15]} 30.
f3 {[%clk 00:08:37]} {[%emt 00:00:05]} Ke7 {[%clk 00:15:01]} {[%emt 00:00:14]}
31. Kf2 {[%clk 00:08:54]} Ke6 {[%clk 00:14:50]} {[%emt 00:00:53]} 32. e4 {[%clk
00:08:16]} {[%emt 00:01:09]} Nb5 {[%clk 00:14:03]} {[%emt 00:01:17]} 33. Ke3
{[%clk 00:08:00]} {[%emt 00:00:45]} f6 {[%clk 00:12:49]} {[%emt 00:01:45]} 34.
a4 {[%clk 00:07:41]} {[%emt 00:00:49]} Nd6 {[%clk 00:13:09]} {[%emt 00:00:10]}
35. Rxd6+ {[%clk 00:07:54]} {[%emt 00:00:17]} Kxd6 {[%clk 00:13:30]} {[%emt
00:00:10]} 36. Kd4 {[%clk 00:08:19]} {[%emt 00:00:05]} Rb6 {[%clk 00:13:23]}
{[%emt 00:00:37]} 37. Rc2 {[%clk 00:07:58]} {[%emt 00:00:50]} Rb4 {[%clk
00:13:34]} {[%emt 00:00:19]} 38. Ra2 {[%clk 00:08:22]} {[%emt 00:00:06]} Kc6
{[%clk 00:13:24]} {[%emt 00:00:40]} 39. a5 {[%clk 00:08:39]} {[%emt 00:00:12]}
Kb7 {[%clk 00:13:12]} {[%emt 00:00:43]} 40. Kc3 {[%clk 00:08:00]} {[%emt
00:01:09]} Rb5 {[%clk 00:13:26]} {[%emt 00:00:16]} 41. Rb2 {[%clk 00:08:01]}
{[%emt 00:00:29]} Rxb2 {[%clk 00:12:53]} {[%emt 00:01:03]} 42. Kxb2 {[%clk
00:08:27]} {[%emt 00:00:05]} Ka6 {[%clk 00:13:16]} {[%emt 00:00:06]} 43. Kc3
{[%clk 00:08:53]} {[%emt 00:00:04]} Kxa5 {[%clk 00:13:33]} {[%emt 00:00:14]}
44. Kxc4 {[%clk 00:09:18]} {[%emt 00:00:04]} Kb6 {[%clk 00:13:48]} {[%emt
00:00:14]} 45. Kd5 {[%clk 00:09:45]} {[%emt 00:00:04]} Kc7 {[%clk 00:14:10]}
{[%emt 00:00:08]} 46. Ke6 {[%clk 00:10:10]} {[%emt 00:00:04]} Kc6 {[%clk
00:14:32]} {[%emt 00:00:09]} 47. Kf7 {[%clk 00:10:35]} {[%emt 00:00:05]} Kd6
{[%clk 00:14:55]} {[%emt 00:00:07]} 48. Kxg7 {[%clk 00:10:52]} {[%emt
00:00:13]} Ke5 {[%clk 00:15:21]} {[%emt 00:00:04]} 49. Kxh7 {[%clk 00:11:15]}
{[%emt 00:00:06]} Kf4 {[%clk 00:15:46]} {[%emt 00:00:05]} 50. Kg6 {[%clk
00:11:40]} {[%emt 00:00:05]} Ke5 {[%clk 00:16:12]} {[%emt 00:00:05]} 51. h4
{[%clk 00:12:06]} {[%emt 00:00:04]} 1-0

[Event "DEM U14 2025"]
[Site "Willingen GER"]
[Date "2025.06.13"]
[Round "8"]
[White "Vakeel, Eshwar"]
[Black "Leonhardt, Max"]
[Result "0-1"]
[Termination "normal"]
[Board "21"]
[WhiteElo "1720"]
[BlackElo "1785"]
[WhiteClock "00:01:19"]
[BlackClock "00:29:50"]
[PlyCount "86"]
[WhiteFideId "34626514"]
[BlackFideId "34623647"]
[EventCountry "GER"]
[EventRounds "9"]
[EventType "swiss"]
[EventDate "2025.06.07"]

1. d4 {[%clk 01:30:51]} {[%emt 00:00:08]} Nf6 {[%clk 01:30:31]} {[%emt
00:00:29]} 2. c4 {[%clk 01:31:16]} {[%emt 00:00:05]} e6 {[%clk 01:30:29]}
{[%emt 00:00:32]} 3. Nc3 {[%clk 01:31:40]} {[%emt 00:00:06]} d5 {[%clk
01:30:27]} {[%emt 00:00:32]} 4. cxd5 {[%clk 01:32:02]} {[%emt 00:00:08]} exd5
{[%clk 01:30:21]} {[%emt 00:00:36]} 5. Bg5 {[%clk 01:32:25]} {[%emt 00:00:06]}
c6 {[%clk 01:30:30]} {[%emt 00:00:22]} 6. e3 {[%clk 01:32:11]} {[%emt
00:00:43]} Be7 {[%clk 01:30:30]} {[%emt 00:00:30]} 7. Bd3 {[%clk 01:31:58]}
{[%emt 00:00:44]} Bg4 {[%clk 01:30:30]} {[%emt 00:00:29]} 8. Qc2 {[%clk
01:11:15]} {[%emt 00:21:12]} Bh5 {[%clk 01:30:30]} {[%emt 00:00:32]} 9. Nf3
{[%clk 01:02:45]} {[%emt 00:09:00]} Nbd7 {[%clk 01:26:10]} {[%emt 00:04:49]}
10. h3 {[%clk 00:50:25]} {[%emt 00:12:50]} Bg6 {[%clk 01:21:30]} {[%emt
00:05:10]} 11. O-O {[%clk 00:50:22]} {[%emt 00:00:33]} O-O {[%clk 01:21:31]}
{[%emt 00:00:28]} 12. Rab1 {[%clk 00:50:05]} {[%emt 00:00:48]} Bxd3 {[%clk
01:20:03]} {[%emt 00:01:57]} 13. Qxd3 {[%clk 00:50:26]} {[%emt 00:00:09]} Ne8
{[%clk 01:19:52]} {[%emt 00:00:41]} 14. Bf4 {[%clk 00:45:39]} {[%emt 00:05:17]}
Bd6 {[%clk 01:17:45]} {[%emt 00:02:35]} 15. Bxd6 {[%clk 00:44:51]} {[%emt
00:01:20]} Nxd6 {[%clk 01:18:07]} {[%emt 00:00:08]} 16. Nd2 {[%clk 00:43:45]}
{[%emt 00:01:35]} a6 {[%clk 01:16:06]} {[%emt 00:02:31]} 17. Rfc1 {[%clk
00:40:15]} {[%emt 00:04:01]} Qe7 {[%clk 01:13:42]} {[%emt 00:02:52]} 18. b3
{[%clk 00:36:26]} {[%emt 00:04:19]} Rfe8 {[%clk 01:08:34]} {[%emt 00:05:37]}
19. Na4 {[%clk 00:34:07]} {[%emt 00:02:50]} Rad8 {[%clk 01:05:28]} {[%emt
00:03:36]} 20. Nc5 {[%clk 00:32:59]} {[%emt 00:01:38]} Nxc5 {[%clk 01:04:27]}
{[%emt 00:01:32]} 21. Rxc5 {[%clk 00:32:52]} {[%emt 00:00:36]} f5 {[%clk
00:59:52]} {[%emt 00:05:05]} 22. Nf3 {[%clk 00:26:23]} {[%emt 00:06:57]} Qf6
{[%clk 00:54:51]} {[%emt 00:05:33]} 23. Rc2 {[%clk 00:16:46]} {[%emt 00:10:06]}
f4 {[%clk 00:52:11]} {[%emt 00:03:09]} 24. Ne5 {[%clk 00:13:47]} {[%emt
00:03:29]} Nf7 {[%clk 00:50:30]} {[%emt 00:02:11]} 25. Nxf7 {[%clk 00:13:41]}
{[%emt 00:00:37]} Qxf7 {[%clk 00:50:41]} {[%emt 00:00:18]} 26. Re1 {[%clk
00:08:22]} {[%emt 00:05:50]} Rd6 {[%clk 00:49:15]} {[%emt 00:01:56]} 27. Rcc1
{[%clk 00:04:51]} {[%emt 00:04:01]} Rde6 {[%clk 00:48:38]} {[%emt 00:01:07]}
28. Qd2 {[%clk 00:04:44]} {[%emt 00:00:38]} Qe7 {[%clk 00:47:49]} {[%emt
00:01:18]} 29. Rc3 {[%clk 00:04:30]} {[%emt 00:00:43]} Qg5 {[%clk 00:47:10]}
{[%emt 00:01:08]} 30. Kh2 {[%clk 00:03:40]} {[%emt 00:01:21]} Qe7 {[%clk
00:43:51]} {[%emt 00:03:49]} 31. Kg1 {[%clk 00:01:54]} {[%emt 00:02:15]} Re4
{[%clk 00:41:39]} {[%emt 00:02:42]} 32. Qe2 {[%clk 00:01:27]} {[%emt 00:00:58]}
Qe6 {[%clk 00:41:26]} {[%emt 00:00:43]} 33. Rd3 {[%clk 00:01:22]} {[%emt
00:00:35]} Re7 {[%clk 00:40:34]} {[%emt 00:01:21]} 34. Qg4 {[%clk 00:00:44]}
{[%emt 00:01:09]} Qf6 {[%clk 00:34:12]} {[%emt 00:06:52]} 35. Qd1 {[%clk
00:00:40]} {[%emt 00:00:34]} Qh6 {[%clk 00:34:09]} {[%emt 00:00:33]} 36. Qd2
{[%clk 00:00:55]} {[%emt 00:00:15]} R7e6 {[%clk 00:33:48]} {[%emt 00:00:51]}
37. Kh2 {[%clk 00:01:15]} {[%emt 00:00:11]} Kf7 {[%clk 00:32:05]} {[%emt
00:02:13]} 38. Kg1 {[%clk 00:00:38]} {[%emt 00:01:06]} f3 {[%clk 00:30:59]}
{[%emt 00:01:36]} 39. Kh2 {[%clk 00:00:48]} {[%emt 00:00:21]} fxg2 {[%clk
00:30:42]} {[%emt 00:00:47]} 40. f3 {[%clk 00:01:07]} {[%emt 00:00:11]} Rh4
{[%clk 00:29:15]} {[%emt 00:01:57]} 41. Qxg2 {[%clk 00:01:22]} {[%emt
00:00:14]} Rg6 {[%clk 00:29:09]} {[%emt 00:00:36]} 42. Qf1 {[%clk 00:01:36]}
{[%emt 00:00:17]} Qg5 {[%clk 00:29:28]} {[%emt 00:00:11]} 43. Qg1 {[%clk
00:01:19]} {[%emt 00:00:47]} Rxh3+ {[%clk 00:29:50]} {[%emt 00:00:09]} 0-1